| 000 | 01164njm a22002897a 4500 | ||
|---|---|---|---|
| 005 | 20100914154329.0 | ||
| 006 | a|||||r|||||00| 0 | ||
| 007 | sd ammalaaahaa | ||
| 008 | 100910t xxu||||| |||| 00| 0 eng d | ||
| 028 |
_aECSD.2721 _bEMI |
||
| 035 | _aGR-02506 | ||
| 040 |
_aSED _cSED |
||
| 100 |
_aGopal Singh Ragi _919365 |
||
| 245 |
_aLakh Khushiyan Badshahian / _csung by Gopal Singh Ragi ; Music by Kesar Singh Narula _h[sound recording] : |
||
| 246 | _aਲਖ ਖੁਸ਼ਿਯਾਂ ਬਾਦਸ਼ਾਹੀਆਂ / | ||
| 260 |
_aDum Dum, India _bEMI _c1975 |
||
| 300 |
_a1 sound disc [Gramophone Recording] : _banalog, 33 1/3 rpm _c12.5 in. (LP) _fGramaphone Records |
||
| 500 | _aBrief record | ||
| 500 | _aRecord Lebels : EMI, Red | ||
| 505 | _aSide-2 ਦਰਸ਼ਨ ਦੇਖ ਜੀਵਨ ਗੁਰ ਤੇਰਾ (Darshan dekh jiwan gur tera)(Gopal Singh Ragi). | ||
| 600 |
_aGopal Singh Ragi _919611 |
||
| 650 |
_2Excerpts. _aReligious Song _bIndia _919366 |
||
| 650 |
_aPunjabi Shabad _920078 |
||
| 700 |
_aNarula ,Kesar Singh _919943 |
||
| 942 |
_2ddc _cGR |
||
| 999 |
_c45797 _d45797 |
||